| 000 | 01325nam0a22002891 4500 | ||
|---|---|---|---|
| 001 | rc\4036610 | ||
| 005 | 20260408092356.0 | ||
| 021 |
_aRU _b[50-4420] |
||
| 035 | _a(NLR Aleph) 008096073 | ||
| 090 |
_a9214238 _c9214238 |
||
| 100 | _a20130415d1949 |||y0rusy50 ca | ||
| 101 | 0 | _arus | |
| 102 | _aRU | ||
| 105 | _aa c ||||| | ||
| 200 | 1 |
_aЛечебные пляжи и их значение на курортах _eМетод. и инструктивные указания для врачей санаториев и домов отдыха _fЛенингр. гор. отд. здравоохранения. Ленингр. науч.-исслед. ин-т физиотерапии и курортологии |
|
| 210 |
_a[Ленинград] _cТип. им. Евг. Соколовой _d1949 |
||
| 215 |
_a24 с. _cил. _d22 |
||
| 300 | _aНа обороте тит. л. сост.: проф. Н.Н. Мищук | ||
| 606 |
_aПляжи лечебные _2psbo |
||
| 702 | 1 |
_aМищук _bН.Н. _gНиколай Николаевич _4220 |
|
| 712 | 0 | 2 |
_4570 _aЛенинградский НИИ физиотерапии и курортологии _3RU\NLR\AUTH\8810231874 _9348784 |
| 801 | 0 |
_aRU _bNLR _gpsbo |
|
| 801 | 1 |
_aRU _bELAR _2rusmarc |
|
| 852 |
_aNLR _jМд20 Г-6/47 |
||
| 942 | _cBOOK | ||
| 980 | _aNB | ||